000 00756nas a2200253 4500
001 BR8304413
003 BR-BrBNA
005 20231205085651.0
007 ta
008 230509b bl.|||p| |||| 00| 00por d
040 _aBR-BrBNA
_bpor
_cBiblioteca Nacional de Agricultura
041 _a(Pt)
072 _aP05
100 1 _aSantos, A.G. dos
245 1 _aAbastecimento nacional do petroleo e seus derivados [Brasil]
650 _aPETROLEO
650 _aTRANSPORTE
650 _aABASTECIMENTO
650 _aIMPORTACAO
650 _aEXPORTACAO
773 0 _tAtualidades do Conselho Nacional do Petroleo (Brazil)
_xISSN 0100-1471
_g(Sep-Oct 1983), v. 15(84) p. 19-23
_wBR8304413
909 _a202311
_bLúcia
_c55
_dLúcia Elande
942 _2AGRIS
_n0
_cANA
999 _c112923
_d112923